| 000 | 01309nam a22002417a 4500 | ||
|---|---|---|---|
| 999 |
_c58146 _d58146 |
||
| 003 | Ge_BSU | ||
| 005 | 20210630134502.0 | ||
| 008 | 210630s2021 ge ||||| |||| 00| 0 geo d | ||
| 020 | _a9789941830471 | ||
| 041 | _ageo | ||
| 080 | _a327 ნ-64 | ||
| 100 |
_aნიკოლსონი, ჰაროლდ _912166 |
||
| 245 |
_aდიპლომატიური მეთოდის ევოლუცია / _cჰაროლდ ნიკოლსონი; ინგლისურიდან თარგმნა ირაკლი ჯავახიშვილმა. |
||
| 264 |
_aთბ.: _bსულხან-საბა ორბელიანის უნივერსიტეტის გამომცემლობა, _c2021. |
||
| 300 |
_a87 გვ., _b21 სმ. |
||
| 653 | _aპოლიტიკა | ||
| 653 | _aდიპლომატია საბერძნეთსა და რომში | ||
| 653 | _aიტალიური სისტემა | ||
| 653 | _aფრანგული სისტემა | ||
| 700 |
_aჯავახიშვილი, ირაკლი _eრედაქტორი _912167 |
||
| 710 |
_aსულხან-საბა ორბელიანის უნივერსიტეტი _99361 |
||
| 942 |
_2udc _cBK |
||